Suisse : Toutes les gares de la GoldenPass Line (Montreux - Lucerne) - Statistiques

Statistiques générales
  • Ce quiz a été pris 6 fois
  • Le résultat moyen est 32 sur 72
Statistiques - réponses
Hint Réponse % Correct
GPX Gstaad
100%
GPX Zweisimmen
100%
GPX Château d'Oex
80%
GPX/LIX Interlaken Ost
80%
GPX Interlaken West
80%
GPX Spiez
80%
GPX Montbovon
60%
Rougemont
60%
Saanen
60%
LIX Sarnen
60%
Allières
40%
Allmend/Messe
40%
Alpnach Dorf
40%
AlpnachStad
40%
Belmont-sur-Montreux
40%
GPX Boltigen
40%
LIX Brienz
40%
Brienz West
40%
Brienzwiller
40%
LIX Brünig-Hasliberg
40%
Burgholz
40%
Chamby
40%
Château d'Oex - La Palaz
40%
Châtelard
40%
Chernex
40%
Därstetten
40%
Ebligen
40%
Eifeld
40%
Enge im Simmental
40%
GPX Erlenbach im Simmental
40%
Ewil Maxon
40%
Flendruz
40%
Fontanivent
40%
LIX Giswil
40%
Gruben
40%
Grubenwald
40%
Hergiswil
40%
Hergiswil Matt
40%
Horw
40%
Jor
40%
LIX Kaiserstuhl OW
40%
Kriens Mattenhof
40%
La Chaudanne - Les Moulins
40%
La Tine
40%
Lattigen bei Spiez
40%
Les Avants
40%
Les Cases
40%
Les Combes
40%
Les Granges - Gérignoz
40%
Les Sciernes
40%
LIX Lungern
40%
LIX Meiringen
40%
Montreux-Collège
40%
Niederried
40%
Oberried am Brienzersee
40%
Oberwil im Simmental
40%
Oeschseite
40%
GPX Oey-Diemtigen
40%
Planchamp
40%
Ringoldingen
40%
Rossinière
40%
GPX Saanenmöser
40%
LIX Sachseln
40%
Sarnen Nord
40%
GPX Schönried
40%
Sendy-Sollard
40%
Sonzier
40%
Vuarennes
40%
Weissenbach
40%
Weissenburg
40%
GPX Wimmis
40%
Riggenberg
20%
Aucun quiz correspondant
Distribution des résultats
% des personnes avec chaque résultat
Percentile par nombre de réponses
Votre historique - résultats
Vous n’avez pas pris ce quiz